Inovačný potenciál a inovačné aktivity vybraného podniku diplomová práca

Gespeichert in:
Bibliographische Detailangaben
1. Verfasser: Slováková, Anna
Körperschaft: Podnikovohospodárska fakulta EU so sídlom v Košiciach. Katedra manažmentu
Weitere Verfasser: Demjanová, Lucia, 1981-
Format: Buch
Sprache:Slowakisch
Veröffentlicht: Košice 2012
Tags: Tag hinzufügen
Keine Tags, Fügen Sie das erste Tag hinzu!

MARC

LEADER 00000nbm a2200000 4500
001 0153124
005 20161109102049.8
041 0 |a slo 
044 |a SK 
245 1 0 |a Inovačný potenciál a inovačné aktivity vybraného podniku  |b diplomová práca  |c Anna Slováková ; školiteľ: Lucia Demjanová 
264 1 |a Košice  |c 2012 
300 |a 87 s. 
100 1 |a Slováková, Anna 
700 1 |a Demjanová, Lucia, 1981- 
710 2 |a Podnikovohospodárska fakulta EU so sídlom v Košiciach. Katedra manažmentu